000 00740cam a22002411 4500
001 2166900
003 ARRUPE
005 20131001170643.0
008 731002s1962 nyu 000 0 eng
010 _a 62010461
040 _aDLC
_cDLC
_dDLC
050 0 0 _aPS583
_b.H55 1962
100 1 _aHoffman, Daniel,
_d1923-
_eed.
_91970
245 1 0 _aAmerican poetry and poetics;
_bpoems and critical documents from the Puritans to Robert Frost.
250 _a[1st ed.]
260 _aGarden City, N.Y.,
_bAnchor Books,
_c1962.
300 _a452 p.
_c19 cm.
490 0 _aAnchor [books]
_vA304
650 0 _aAmerican poetry.
_91971
650 0 _aPoetics.
_91972
906 _a7
_bcbc
_corignew
_du
_eocip
_f19
_gy-gencatlg
942 _2lcc
_cMONOGRAPH
999 _c118215
_d118215